| 000 | 00770nam a2200229 i 4500 | ||
|---|---|---|---|
| 001 | 188656 | ||
| 003 | ES-MaACL | ||
| 005 | 20230906223253.0 | ||
| 007 | t| | ||
| 008 | 190117s1964 sp ||||1| spa d | ||
| 245 | 0 | 3 |
_aLa infalibilidad de la Iglesia / _cO. Rousseau, J-J. von Allmen, B.-D. Dupuy, B. Reynders...; [traductor, Andrés Rodríguez Resina]. |
| 250 | _a[1ª ed.]. | ||
| 260 |
_aBarcelona : _bEstela, _c[1964] |
||
| 300 |
_a270 p. ; _c24 cm. |
||
| 490 | 1 |
_aColección "Ecclesia" ; _v9 |
|
| 610 | 2 | 4 |
_aIglesia Católica- _xInfalibilidad. _9165812 |
| 700 | 1 |
_aRousseau, Olivier. _9165995 |
|
| 700 | 0 |
_aRodríguez Resina, Andrés. _998755 |
|
| 830 | 0 |
_aColección "Ecclesia" ; _v9 _9182103 |
|
| 852 |
_aES-MaACL _jP-315-bis-8 |
||
| 999 |
_c188656 _d188656 |
||